Antiguedades de la región andina de la República Argentina y del desierto de Atacama (Registro nro. 525)
[ vista simple ]
| 000 -LEADER | |
|---|---|
| fixed length control field | 01637 a2200229 4500 |
| 001 - CONTROL NUMBER | |
| control field | 13521 |
| 005 - DATE AND TIME OF LATEST TRANSACTION | |
| control field | 20260407155443.0 |
| 008 - FIXED-LENGTH DATA ELEMENTS--GENERAL INFORMATION | |
| fixed length control field | 260407a1991 arg spa d |
| 003 - CONTROL NUMBER IDENTIFIER | |
| control field | AR-UNSa-BCEJYS |
| 040 ## - CATALOGING SOURCE | |
| Original cataloging agency | AR-UNSa-BCEJYS |
| Language of cataloging | spa |
| Transcribing agency | AR-UNSa-BCEJYS |
| 080 ## - UNIVERSAL DECIMAL CLASSIFICATION NUMBER | |
| Universal Decimal Classification number | 912 |
| Common auxiliary subdivision | Presentación de una región de forma distinta a la literaria o textual. Dibujos, fotografías, grabados, diagramas, perfiles, mapas, cartogramas, atlas, globos (como expresiones de conocimiento geográfico) |
| 020 ## - INTERNATIONAL STANDARD BOOK NUMBER | |
| International Standard Book Number | 950-721-019-9 |
| 100 1# - MAIN ENTRY--PERSONAL NAME | |
| Personal name | Boman, Eric |
| 245 10 - TITLE STATEMENT | |
| Title | Antiguedades de la región andina de la República Argentina y del desierto de Atacama |
| 264 #1 - PRODUCTION, PUBLICATION, DISTRIBUTION, MANUFACTURE, AND COPYRIGHT NOTICE | |
| Place of production, publication, distribution, manufacture | San Salvador de Jujuy : |
| Name of producer, publisher, distributor, manufacturer | Universidad Nacional de Jujuy |
| Date of production, publication, distribution, manufacture, or copyright notice | 1991 |
| 300 ## - PHYSICAL DESCRIPTION | |
| Extent | 2 v. |
| Dimensions | 26 cm. |
| 505 ## - FORMATTED CONTENTS NOTE | |
| Formatted contents note | Volumen 1: 1. Mapa étnico de la región andina de América del Sur entre los 22º y 33º de la latitud sur, en el siglo XVI - 2. Antigüedades de la región diaguita llamada"región calchaqui"- 3. Lapaya (valle calchaquí) - 4. Valle de Lerma - 5. Quebrada del Toro - Volumen 2:1. La puna y sus habitantes actuales - 2. Fabricación de alfarería moderna - 3. Folklore de la Puna - 4. Arqueología de la Puna de Jujuy, del desierto de Atacama y de la Quebrada de Humahuaca - 5. Región extra-andina de la provincia de Jujuy - 6. Análisis químico de objetos prehispánicos de metal. |
| 590 ## - LOCAL NOTE (RLIN) | |
| Local note | niveau_biblio:m niveau_hierar:0 |
| 700 1# - ADDED ENTRY--PERSONAL NAME | |
| Personal name | Gomez Rubio, Delia |
| 856 41 - ELECTRONIC LOCATION AND ACCESS | |
| Uniform Resource Identifier | <a href="https://biblioeco.unsa.edu.ar/pmb/images/libros/Antiguedades de la regi?n andina de la Rep?blica Argentina y del desierto de Atacama Boman, Eric (1991).jpg">https://biblioeco.unsa.edu.ar/pmb/images/libros/Antiguedades de la regi?n andina de la Rep?blica Argentina y del desierto de Atacama Boman, Eric (1991).jpg</a> |
| Link text | Imagen de portada |
| Electronic format type | image/jpeg |
| 942 ## - ADDED ENTRY ELEMENTS (KOHA) | |
| Koha item type | |
| Withdrawn status | Lost status | Damaged status | Not for loan | Home library | Current library | Shelving location | Date acquired | Total checkouts | Full call number | Barcode | Date last seen | Price effective from | Koha item type |
|---|---|---|---|---|---|---|---|---|---|---|---|---|---|
| Biblioteca Prof. Eusebio Cleto del Rey | Biblioteca Prof. Eusebio Cleto del Rey | 07/04/2026 | 912 B695 v.1 | L118924 | 07/04/2026 | 07/04/2026 | Libro | ||||||
| Biblioteca Prof. Eusebio Cleto del Rey | Biblioteca Prof. Eusebio Cleto del Rey | 07/04/2026 | 912 B695 v.2 | L118925 | 07/04/2026 | 07/04/2026 | Libro |